000
00339nam a2200145Ia 4500
008
230718s9999 xx 000 0 und d
041
_a
Eng.
082
_a
340
_b
MAL-M
100
_a
Mallington, Robin
245
0
_a
Minesity Shave helder's
260
_a
Pakistan
_b
Thomson Pablishs
_c
1995
300
_a
245
650
_a
Law
999
_c
26721
_d
26721